书目信息 |
| 题名: |
最优化方法选讲
|
|
| 作者: | ||
| 分册: | 下 | |
| 出版信息: | 1995 |
|
| 页数: | 134页 | |
| 开本: | 26cm | |
| 丛书名: | ||
| 单 册: | ||
| 中图分类: | O242.23 | |
| 科图分类: | 51.81 | |
| 主题词: | 最优化算法--高等师范教育--教材 | |
| 电子资源: | ||
| ISBN: | ||
| 000 | 00488nam0 2200193 45 | |
| 001 | 0197009476 | |
| 005 | 20070615105616.89 | |
| 100 | @a19970404d1995 y0chiy0121 ea | |
| 101 | 0 | @achi |
| 102 | @aCN@b130000 | |
| 105 | @ay z 000yy | |
| 200 | 10 | @a最优化方法选讲@Azui you hua fang fa xuan jiang@h下 |
| 210 | @d1995 | |
| 215 | @a134页@d26cm | |
| 606 | @a最优化算法@x高等师范教育@x教材 | |
| 690 | @aO242.23@v3 | |
| 692 | @a51.81 | |
| 801 | 0 | @aCN@bTSSF@c20070615 |
| 905 | @a10447@dO242.23@e28:2 | |
| 最优化方法选讲.下.-1995 |
| 134页;26cm |
| ISBN : |
| ● |
| 相关链接 |
|
|
|
|
正题名:最优化方法选讲
索取号:O242.23/28:2
 
预约/预借
| 序号 | 登录号 | 条形码 | 馆藏地/架位号 | 状态 | 备注 |
| 1 | 0652278 | 206522789 | 第二样本阅览室/ [索取号:O242.23/28:2] | 在馆 |